[Event "Bad Griesbach Seniors op 3rd"]
[Site "Bad Griesbach"]
[Date "2000.11.23"]
[Round "5"]
[White "Kramer, Gerhard"]
[Black "Siegmund, Rainer"]
[Result "0-1"]
[WhiteElo "2105"]
[BlackElo "2054"]
[PlyCount "52"]
[EventDate "2000.11.19"]
[EventType "swiss"]
[EventRounds "7"]
[EventCountry "GER"]
[SourceTitle "EXT 2006"]
[Source "ChessBase"]
[SourceDate "2005.11.24"]
[SourceVersion "1"]
[SourceVersionDate "2005.11.24"]
[SourceQuality "1"]

1. d4 Nf6 2. c4 e6 3. Nc3 Bb4 4. Qc2 c5 5. dxc5 Na6 6. a3 Bxc3+ 7. Qxc3 Nxc5 8. f3 d5 9. cxd5 b6 10. Bg5 0-0 11. Bxf6 gxf6 12. b4 Na4 13. Qb3 b5 14. Rd1 Qb6 15. e3 Bb7 16. dxe6 fxe6 17. Kf2 Rac8 18. Ne2 Kh8 19. Rd4 Bd5 20. Qb1 Rc7 21. Nf4 Nc3 22. Nxd5 Nxd5 23. Rd3 Rfc8 24. Be2 Rc2 25. Rhd1 Nxe3 26. Kg1 Ng4+ 0-1

[Event "Bad Griesbach Seniors op 3rd"]
[Site "Bad Griesbach"]
[Date "2000.11.20"]
[Round "2"]
[White "Reisinger, Georg"]
[Black "Kramer, Gerhard"]
[Result "0-1"]
[WhiteElo "1812"]
[BlackElo "2105"]
[PlyCount "90"]
[EventDate "2000.11.19"]
[EventType "swiss"]
[EventRounds "7"]
[EventCountry "GER"]
[SourceTitle "EXT 2006"]
[Source "ChessBase"]
[SourceDate "2005.11.24"]
[SourceVersion "1"]
[SourceVersionDate "2005.11.24"]
[SourceQuality "1"]

1. e4 c5 2. Nf3 a6 3. d4 cxd4 4. Nxd4 Nf6 5. Nc3 e5 6. Nf5 d5 7. Bg5 Bxf5 8. Bxf6 gxf6 9. exf5 Bb4 10. a3 Bxc3+ 11. bxc3 Qa5 12. Qd2 Nc6 13. Be2 Ne7 14. 0-0 h6 15. Rfd1 Rc8 16. Rdb1 Rc7 17. Bg4 h5 18. Bh3 d4 19. Qe1 Qxc3 20. Qxc3 dxc3 21. g3 0-0 22. Rb6 Kg7 23. Rab1 Rb8 24. Rxa6 bxa6 25. Rxb8 Nc6 26. Rb6 Nd4 27. Rxa6 Nxc2 28. Bg2 Nd4 29. Be4 c2 30. Bxc2 Rxc2 31. a4 Nxf5 32. a5 Nd4 33. Ra8 Ra2 34. a6 Ne6 35. Kg2 Nc7 36. Ra7 Nxa6 37. Kf3 Nb4 38. Rxa2 Nxa2 39. h3 f5 40. Ke3 Nb4 41. h4 Kg6 42. f3 Nd5+ 43. Kd3 e4+ 44. Ke2 Kf6 45. Kf2 Ke5 0-1

[Event "EU-chT Seniors 01st"]
[Site "Dresden"]
[Date "1999.04.12"]
[Round "4.4"]
[White "Kramer, Gerhard"]
[Black "Hanke, Leonhard"]
[Result "1-0"]
[WhiteElo "2135"]
[BlackElo "1850"]
[PlyCount "79"]
[EventDate "1999.04.09"]
[EventType "team-swiss"]
[EventRounds "7"]
[EventCountry "GER"]
[SourceTitle "EXT 2005"]
[Source "ChessBase"]
[SourceDate "2004.11.15"]
[SourceVersion "1"]
[SourceVersionDate "2004.11.15"]
[SourceQuality "1"]

1. d4 Nf6 2. c4 d6 3. Nc3 e5 4. Nf3 Nc6 5. d5 Ne7 6. e4 g6 7. h3 Bg7 8. Be3 0-0 9. g4 Ne8 10. Rg1 h6 11. Nd2 g5 12. h4 Ng6 13. hxg5 hxg5 14. f3 Bf6 15. Rh1 Kg7 16. Qe2 Rh8 17. Rxh8 Kxh8 18. 0-0-0 Kg7 19. Kb1 Be7 20. Qf2 b6 21. Be2 f6 22. Nf1 Bd7 23. Ng3 Kf7 24. Rh1 Ng7 25. Bd1 Qe8 26. Qf1 a6 27. Qf2 b5 28. c5 dxc5 29. Bxc5 Bd6 30. Rh7 Qg8 31. Rh1 Nf4 32. Bc2 a5 33. Bxd6 cxd6 34. Qb6 Qb8 35. Qf2 a4 36. Nce2 Ng6 37. Nf5 Bxf5 38. gxf5 Nh4 39. f4 exf4 40. Nxf4 1-0

[Event "EU-chT Seniors 01st"]
[Site "Dresden"]
[Date "1999.04.10"]
[Round "2.4"]
[White "Kramer, Gerhard"]
[Black "Lenk, Wolfgang"]
[Result "1/2-1/2"]
[WhiteElo "2135"]
[BlackElo "2200"]
[PlyCount "36"]
[EventDate "1999.04.09"]
[EventType "team-swiss"]
[EventRounds "7"]
[EventCountry "GER"]
[SourceTitle "EXT 2005"]
[Source "ChessBase"]
[SourceDate "2004.11.15"]
[SourceVersion "1"]
[SourceVersionDate "2004.11.15"]
[SourceQuality "1"]

1. d4 Nf6 2. c4 g6 3. Nc3 Bg7 4. e4 d6 5. f3 0-0 6. Be3 e5 7. Nge2 c6 8. Qd2 Re8 9. 0-0-0 Qa5 10. Kb1 b5 11. cxb5 cxb5 12. dxe5 dxe5 13. Nd5 Qxd2 14. Rxd2 Nxd5 15. Rxd5 a6 16. Nc1 Be6 17. Rc5 Nd7 18. Rc2 Rec8 1/2-1/2

[Event "AUT-chT2M 9899"]
[Site "Austria"]
[Date "1999.03.14"]
[Round "11"]
[White "Kramer, Gerhard"]
[Black "Enigl, Karl"]
[Result "1/2-1/2"]
[WhiteElo "2155"]
[BlackElo "2205"]
[PlyCount "25"]
[EventDate "1998.11.??"]
[EventType "team-swiss"]
[EventRounds "11"]
[EventCountry "AUT"]
[SourceTitle "EXT 2000"]
[Source "ChessBase"]
[SourceDate "1999.11.16"]
[SourceVersion "1"]
[SourceVersionDate "1999.11.16"]
[SourceQuality "1"]

1. d4 d5 2. c4 e6 3. Nc3 c6 4. cxd5 exd5 5. Nf3 Bf5 6. Bf4 Bd6 7. Bg3 Bxg3 8. hxg3 Nf6 9. e3 Qb6 10. Qd2 Nbd7 11. Na4 Qc7 12. Nc3 Qb6 13. Na4 1/2-1/2

[Event "Wch Seniors 08th"]
[Site "Grieskirchen"]
[Date "1998.11.13"]
[Round "5"]
[White "Gradinger, Alois"]
[Black "Kramer, Gerhard"]
[Result "0-1"]
[WhiteElo "1979"]
[BlackElo "2102"]
[PlyCount "66"]
[EventDate "1998.11.08"]
[EventType "swiss"]
[EventRounds "11"]
[EventCountry "AUT"]
[SourceTitle "CBM 067 Extra"]
[Source "ChessBase"]
[SourceDate "1999.01.01"]
[SourceVersion "1"]
[SourceVersionDate "1999.01.01"]
[SourceQuality "1"]

1. c4 Nf6 2. Nf3 g6 3. Nc3 Bg7 4. d4 d6 5. Bf4 0-0 6. h3 c5 7. d5 a6 8. e4 b5 9. cxb5 axb5 10. Bxb5 Nxe4 11. Nxe4 Qa5+ 12. Nc3 Bxc3+ 13. bxc3 Qxb5 14. Bh6 Re8 15. Rb1 Qc4 16. Qb3 Ba6 17. Qxc4 Bxc4 18. Nd2 Bxd5 19. 0-0 Rxa2 20. c4 Be6 21. Rfe1 Nc6 22. Ne4 Raa8 23. Rb6 Na5 24. Ra1 Bxc4 25. Ra3 Bd5 26. Nc3 Be6 27. Ne4 Bf5 28. Rxa5 Rxa5 29. Nc3 c4 30. g4 Bd3 31. Nb5 Ra1+ 32. Kh2 Rb1 33. Be3 Rc8 0-1

[Event "Bayern-ch Seniors 09th"]
[Site "Schloss Schney"]
[Date "1997.??.??"]
[Round "4"]
[White "Kramer, Gerhard"]
[Black "Antusch, Ingrid"]
[Result "1-0"]
[WhiteElo "2120"]
[BlackElo "1517"]
[PlyCount "51"]
[EventDate "1997.??.??"]
[EventType "swiss"]
[EventRounds "9"]
[EventCountry "GER"]
[SourceTitle "EXT 1999"]
[Source "ChessBase"]
[SourceDate "1998.11.16"]
[SourceVersion "1"]
[SourceVersionDate "1998.11.16"]
[SourceQuality "1"]

1. d4 d5 2. c4 e6 3. Nc3 c6 4. Nf3 Bd6 5. e4 dxe4 6. Nxe4 Bc7 7. Bd3 f5 8. Nc3 Nf6 9. 0-0 0-0 10. Re1 Re8 11. b4 a5 12. b5 b6 13. bxc6 Nxc6 14. Nb5 Bb8 15. Bb2 Nb4 16. Bb1 Bd7 17. Nc3 g6 18. a3 Na6 19. Ne5 Qc8 20. Ba2 Bxe5 21. dxe5 Ng4 22. h3 Nh6 23. Nb5 Nf7 24. Nd6 Nxd6 25. exd6 Qc5 26. Re5 1-0

[Event "Bayern-ch Seniors 09th"]
[Site "Schloss Schney"]
[Date "1997.??.??"]
[Round "6"]
[White "Kramer, Gerhard"]
[Black "Leuschner, Guenter"]
[Result "1-0"]
[WhiteElo "2121"]
[BlackElo "1876"]
[PlyCount "95"]
[EventDate "1997.??.??"]
[EventType "swiss"]
[EventRounds "9"]
[EventCountry "GER"]
[SourceTitle "EXT 1999"]
[Source "ChessBase"]
[SourceDate "1998.11.16"]
[SourceVersion "1"]
[SourceVersionDate "1998.11.16"]
[SourceQuality "1"]

1. d4 g6 2. e4 Bg7 3. c4 d6 4. Nc3 Nd7 5. f3 c5 6. Nge2 cxd4 7. Nxd4 Qb6 8. Nc2 Ne5 9. Ne3 e6 10. Be2 Bd7 11. f4 Nc6 12. Qxd6 Bd4 13. Nb5 Bc5 14. Qd3 Nb4 15. Qc3 Bxe3 16. Bxe3 Qxe3 17. Nd6+ Kf8 18. Qxb4 Ne7 19. Rd1 Bc6 20. Qd2 Qxd2+ 21. Rxd2 Rd8 22. Bf3 b6 23. Ke2 Nc8 24. Rhd1 Ke7 25. e5 Bxf3+ 26. Kxf3 Nxd6 27. Rxd6 Rxd6 28. Rxd6 Rc8 29. Rd4 Rc7 30. Ke3 h6 31. h4 h5 32. b4 Rc6 33. Kd3 Rc7 34. Rd6 Rc8 35. Kd4 Rc7 36. a3 Rc8 37. a4 Rc7 38. a5 bxa5 39. b5 Rb7 40. Ra6 Kd7 41. Rxa5 Kc8 42. Ra6 Kb8 43. Kc5 Rd7 44. Rd6 Rc7+ 45. Kb4 Kc8 46. c5 Kb7 47. Rd8 Re7 48. c6+ 1-0

[Event "Bayern-ch Seniors 09th"]
[Site "Schloss Schney"]
[Date "1997.??.??"]
[Round "5"]
[White "Wein, Wolfgang"]
[Black "Kramer, Gerhard"]
[Result "0-1"]
[WhiteElo "1840"]
[BlackElo "2121"]
[PlyCount "94"]
[EventDate "1997.??.??"]
[EventType "swiss"]
[EventRounds "9"]
[EventCountry "GER"]
[SourceTitle "EXT 1999"]
[Source "ChessBase"]
[SourceDate "1998.11.16"]
[SourceVersion "1"]
[SourceVersionDate "1998.11.16"]
[SourceQuality "1"]

1. d4 Nf6 2. c4 g6 3. Nc3 Bg7 4. e4 d6 5. Be2 0-0 6. Be3 c5 7. d5 a6 8. Nf3 e6 9. Nd2 exd5 10. cxd5 b5 11. 0-0 Re8 12. Qc2 Qe7 13. Bf3 Bg4 14. Bg5 Bxf3 15. Nxf3 h6 16. Bxf6 Qxf6 17. e5 dxe5 18. Ne4 Qd8 19. Qxc5 f5 20. Nc3 Nd7 21. Qe3 Nb6 22. Rad1 Qd6 23. b4 Rac8 24. a3 Kh7 25. Rfe1 Nc4 26. Qc1 Qb6 27. Ne2 Red8 28. h4 e4 29. Nh2 Nb2 30. Qf4 Nxd1 31. Rxd1 Qd6 32. h5 Qxf4 33. hxg6+ Kxg6 34. Nxf4+ Kf7 35. Ne6 Rd6 36. Nf1 Bb2 37. Nc5 Rc7 38. Ne3 Kf6 39. g4 Rg7 40. Nxf5 Rxg4+ 41. Ng3 Ke5 42. Re1 Kxd5 43. Kg2 Bxa3 44. Ncxe4 Rc6 45. Kf3 Rxg3+ 46. fxg3 Bxb4 47. Rb1 Bc3 0-1